Kayıp melekler/ (Record no. 49849)
| 000 -BAŞLIK | |
|---|---|
| Sabit Uzunluktaki Kontrol Alanı | 01527nam a22003137a 4500 |
| 001 - KONTROL NUMARASI | |
| Control Dosyası | 0050014 |
| 003 - KONTROL NUMARASI KİMLİĞİ | |
| Kontrol Alanı | KOHA_MİRAKIL |
| 005 - EN SON İŞLEM TARİHİ ve ZAMANI | |
| Kontrol Alanı | 20260207003712.0 |
| 007 - FİZİKSEL TANIM SABİT ALAN - GENEL BİLGİ | |
| Sabit uzunluklu kontrol alanı | ta |
| 008 - SABİT UZUNLUKTAKİ VERİ ÖGELERİ - GENEL BİLGİ | |
| Sabit Alan | 150629b2014 tu |||gr||||#0|||1|tur | |
| 020 ## - ISBN - ULUSLARARASI STANDART KİTAP NUMARASI | |
| Isbn | 9789944827737 |
| 040 ## - KATALOGLAMA KAYNAĞI | |
| Özgün Kataloglama Kurumu | TR-BiSEU |
| Kataloglama Dili | tur |
| Çeviri Kurumu | TR-BiSEU |
| Açıklama Kuralları | rda |
| 041 0# - DİL KODU | |
| Metin ya da ses kaydının dil kodu | tur |
| 044 ## - YAYINLAYAN/ÜRETEN KURULUŞUN ÜLKE KODU | |
| ISO country code | tu |
| 050 ## - SINIFLAMA ve YER NUMARASI | |
| Sınıflama Numarası | PR6110.O67 |
| Yer Numarası | K39 2014 |
| 100 1# - KİŞİ ADI | |
| Yazar Adı (Kişi adı) | Price, Katie. |
| 245 1# - ESER ADI BİLDİRİMİ | |
| Başlık | Kayıp melekler/ |
| Sorumluluk Bildirimi | Katie Price ; Katie Price; çeviri Sinem Karakan; editör Emirhan Aydın. |
| 264 #1 - ÜRERİM, YAYIN, DAĞITIM ve TELİF BİLDİRİMİ | |
| Yayın yeri | İstanbul : |
| Yayınlayan | Epsilon |
| Yayın tarihi | 2014 |
| 300 ## - FİZİKSEL TANIMLAMA | |
| Sayfa, Cilt vb. | 435 sayfa: 20cm. |
| 336 ## - İÇERİK TÜRÜ | |
| Content type term | metin |
| Content type code | txt |
| Source | rdacontent |
| 337 ## - MEDYA TÜRÜ | |
| Media type term | aracısız |
| Media type code | n |
| Source | rdamedia |
| 338 ## - TAŞIYICI TÜRÜ | |
| Carrier type term | cilt |
| Carrier type code | nc |
| Source | rdacarrier |
| 500 ## - GENEL NOT | |
| Genel Not | Özgün yapıt adı: Crystal. |
| 505 ## - İÇİNDEKİLER NOTU | |
| İçindekiler Notu | PIRILTILI MÜZİK DÜNYASINDA, -- GERÇEK AŞKI ARAYAN BİR KADININ, İHANET VE TUTKU DOLU HİKÂYESİ. -- Yetenekli, güzel ve hırslı bir genç kız olan Crystal'in tek hayali bir şarkıcı olmaktı. -- Yıllar boyunca müzik sektöründe başarılı olmaya çalıştıktan sonra, aradığı o şans kurduğu grubun -- bir yarışma programına katılmasıyla karşısına çıktı. -- Ancak Crystal'in bir sırrı vardı. Yanlış adama âşık olmuştu ve bu hata, her şeyini, arkadaşlığını -- Bu pırıltılı dünyada, hızla gökyüzüne yükselen meleklerin kanatlarını koparabilecek şeytanlardan -- kaçmak kadar zor bir şey yoktu. |
| 650 #0 - KONU BAŞLIĞI EK GİRİŞ - KONU TERİMİ | |
| Konusal terim veya coğrafi ad | İngiliz romanı. |
| 9 (RLIN) | 8415 |
| 650 #0 - KONU BAŞLIĞI EK GİRİŞ - KONU TERİMİ | |
| Konusal terim veya coğrafi ad | English fiction. |
| 9 (RLIN) | 8416 |
| 907 ## - LOCAL DATA ELEMENT G, LDG (RLIN) | |
| a | Roman |
| 942 ## - EK GİRİŞ ÖGELERİ (KOHA) | |
| Source of classification or shelving scheme | Library of Congress Classification |
| Koha item type | Book |
| Materyal Türü | Kalıcı Konum | Mevcut Konum | Raf Yeri | Sınıflandırma Kaynağı | Edinim Bilgisi | Ana Konular | Alt Konular | Yer Numarası | Demirbaş Numarası | Fatura Tarihi | Maliyet, Alış Fiyatı | Maliyet, Yenileme Fiyatı | Geri Çekilme Durumu | Kayıp Durumu | Hasarlı Durumu | Kredi için değil | Kayıt Tarih | Toplam Ödünçverme | Son Görülme Tarihi | Son Kontrol Tarihi | Satın Alma Notu |
|---|---|---|---|---|---|---|---|---|---|---|---|---|---|---|---|---|---|---|---|---|---|
| Book | Prof. Dr. Azmi Özcan Kütüphanesi | Prof. Dr. Azmi Özcan Kütüphanesi | Birûni Salonu | Library of Congress Classification | Satın | DİL VE EDEBİYAT | İngiliz Edebiyatı | PR6110.O67 K39 2014 | 0050014 | 07/07/2015 | 15.51 | 15.51 | 29/06/2015 | 7 | 05/12/2024 | 05/12/2024 | B-984687 - B-984797 |
